Normal view
MARC view
- اعداد هزايمة، عبد الهادي احمد عبدالله؛ اشراف احمد حسن القضاة
Entry Personal Name
001 - CONTROL NUMBER
- control field: 57619
003 - CONTROL NUMBER IDENTIFIER
- control field: JO-AjAnu
005 - DATE AND TIME OF LATEST TRANSACTION
- control field: 20230606083432.0
008 - FIXED-LENGTH DATA ELEMENTS
- fixed length control field: 230606|| aca||aabn | a|a d
040 ## - CATALOGING SOURCE
- Original cataloging agency: JO-AjAnu
- Transcribing agency: JO-AjAnu
100 ## - HEADING--PERSONAL NAME
- Personal name: اعداد هزايمة، عبد الهادي احمد عبدالله؛ اشراف احمد حسن القضاة
670 ## - SOURCE DATA FOUND
- Source citation: Work cat.: (JO-AjAnu)29400: اعداد هزايمة، عبد الهادي احمد عبدالله؛ اشراف احمد حسن القضاة, author, استقصاء وتحليل الاحطاء في حل المسائل الحسابية لدى طلبة الصف السادس في مديرية تربية اربد الاولى=Investigation and Analysis of Mistakes in Solving Mathematical Questions made by the 6th Grade Students in the First Irbid Directorate